Learning Resource and Development

Digital electronics : (Record no. 29113)

MARC details
000 -LEADER
fixed length control field 01356nam a2200301 i 4500
003 - CONTROL NUMBER IDENTIFIER
control field CSPC
005 - DATE AND TIME OF LATEST TRANSACTION
control field 20250311141928.0
008 - FIXED-LENGTH DATA ELEMENTS--GENERAL INFORMATION
fixed length control field 250311s2022 nyua 001 0 eng d
010 ## - LIBRARY OF CONGRESS CONTROL NUMBER
LC control number GBC156933 bnb
020 ## - INTERNATIONAL STANDARD BOOK NUMBER
International Standard Book Number 9781260597868
040 ## - CATALOGING SOURCE
Transcribing agency CSPC
Original cataloging agency CSPC
Language of cataloging eng
Description conventions rda
050 00 - LIBRARY OF CONGRESS CALL NUMBER
Classification number TK7868.D5
Item number T65 2022
082 00 - DEWEY DECIMAL CLASSIFICATION NUMBER
Classification number 621.381
Item number T573d
100 1# - MAIN ENTRY--PERSONAL NAME
Personal name Tokheim, Roger,
Relator term author.
245 10 - TITLE STATEMENT
Title Digital electronics :
Remainder of title principles and applications /
Statement of responsibility, etc. Roger Tokheim and Patrick E. Hoppe.
250 ## - EDITION STATEMENT
Edition statement Ninth edition.
264 #1 - PRODUCTION, PUBLICATION, DISTRIBUTION, MANUFACTURE, AND COPYRIGHT NOTICE
Place of production, publication, distribution, manufacture New York, NY :
Name of producer, publisher, distributor, manufacturer McGraw-Hill LLC,
Date of production, publication, distribution, manufacture, or copyright notice 2022.
300 ## - PHYSICAL DESCRIPTION
Extent xvi, 576 pages :
Other physical details illustrations ;
Dimensions 28 cm.
336 ## - CONTENT TYPE
Source rdacontent
Content type term text
337 ## - MEDIA TYPE
Source rdamedia
Media type term unmediated
338 ## - CARRIER TYPE
Source rdacarrier
Carrier type term volume
500 ## - GENERAL NOTE
General note Includes index.
505 0# - FORMATTED CONTENTS NOTE
Formatted contents note Digital electronics -- Numbers we use in digital electronics -- Logic gates -- Combining logic gates -- IC specifications and simple interfacing -- Encoding, decoding, and seven-segment displays -- Flip-flops -- Counters -- Shift registers -- Arithmetic circuits -- Memories -- Simple digital systems -- Computer systems -- Connecting with analog devices.
650 #0 - SUBJECT ADDED ENTRY--TOPICAL TERM
Topical term or geographic name entry element Digital electronics.
700 1# - ADDED ENTRY--PERSONAL NAME
Personal name Hoppe, Patrick E.,
Relator term author.
942 ## - ADDED ENTRY ELEMENTS (KOHA)
Source of classification or shelving scheme Dewey Decimal Classification
Suppress in OPAC No
Koha item type Books
Classification part 621.381
Item part T573d
Call number prefix ENG
Call number suffix 2022
Holdings
Withdrawn status Lost status Source of classification or shelving scheme Damaged status Not for loan Home library Current library Shelving location Date acquired Total Checkouts Full call number Barcode Date last seen Copy number Price effective from Koha item type
    Dewey Decimal Classification     Main Library Main Library Engineering Section 03/11/2025   ENG 621.381 T573d 2022 029136 03/11/2025 1-1 03/11/2025 Books